| 000 | 01016nas a2200301 4500 | ||
|---|---|---|---|
| 001 | BR2012001352 | ||
| 003 | BR-BrBNA | ||
| 005 | 20231205120329.0 | ||
| 007 | ta | ||
| 008 | 230509b bl.|||p| |||| 00| 00por d | ||
| 040 |
_aBR-BrBNA _bpor _cBiblioteca Nacional de Agricultura |
||
| 041 | _a(Pt) | ||
| 072 | _aP36; P33; F04 | ||
| 100 | 1 | _aMiranda, M.A. | |
| 100 | 1 | _aOliveira, E.E.M. de | |
| 100 | 1 | _aSantos, C.F. dos | |
| 100 | 1 | _aFreire, M.B.G. dos S. | |
| 100 | 1 | _aAlmeida, B.G. de | |
| 245 | 1 | _aCondicionadores químicos e orgânicos na recuperação de solo salino-sódico em casa de vegetação | |
| 650 | _aDETERIORAÇÃO DO SOLO | ||
| 650 | _aQUÍMICA DO SOLO | ||
| 650 | _aSALINIDADE | ||
| 650 | _aPERMEABILIDADE | ||
| 773 | 0 |
_tRevista Brasileira de Engenharia Agrícola e Ambiental (Brazil) _xISSN 1807-1929 _g(May 2011), v.15(5) p. 484-490 _wBR2012001352 |
|
| 856 | 4 | 0 | _uhttp://www.scielo.br/pdf/rbeaa/v15n5/v15n5a08.pdf |
| 909 |
_a202311 _bLúcia _c55 _dLúcia Elande |
||
| 942 |
_2AGRIS _n0 _cANA |
||
| 999 |
_c217980 _d217980 |
||